000
00296nam a22001337a 4500
008
170324b xxu||||| |||| 00| 0 eng d
020
_a
9780323016803
041
_a
eng
080
_2
5 ED
_a
615.83
100
_a
8
101
_a
SHM
245
_a
PHYSICAL EXAMINATION
_c
SEIDEL,H.M
942
_2
udc
_c
BK
999
_c
8577
_d
8577